000
00270nam a2200109Ia 4500
008
231212s1984 xx 000 0 und d
041
_a
eng
082
_a
621.3841
100
_a
Traister John E
245
_a
Practical Electrical Measuring
260
_a
Pune
_b
Tarapur
_c
1984
999
_c
959394
_d
959394